Whats that building Quiz Stats

 Plays Quiz not verified by Sporcle

Challenge
Share
Tweet
Embed
Score 0/8 Timer 09:00
0 Plays Today
hint Answer % Correct
In ChicagoSears Tower
100%
Its in New yorkEmpire State Building
80%
Its the highest view in parrisEiffel tower
80%
Its the most famous arena in the world!!!Madison square garden
60%
Named after some one with the first name John, in Boston.John Hancock building
40%
It's where the Boston Celtics playTD Garden
40%
Its in Manhattan NY. Triangular in shapeflatironbuilding
40%
In NY Looks like makeupLipstickbuilding
40%

You're not logged in!

Compare scores with friends on all Sporcle quizzes.
Join for Free
OR
Log In

You Might Also Like...

Show Comments

Extras

Created May 2, 2012ReportFavoriteNominate
Tags:building

Top Quizzes Today


Score Distribution

Your Account Isn't Verified!

In order to create a playlist on Sporcle, you need to verify the email address you used during registration. Go to your Sporcle Settings to finish the process.

Report this User

Report this user for behavior that violates our Community Guidelines.

Details: